[Event "Eric Lawson ben."]
[Site "Montreal CAN"]
[Date "2002.12.22"]
[Round "4"]
[White "Bedard, Michel"]
[Black "Demers, Martin"]
[Result "1-0"]
[WhiteElo "1553"]
[BlackElo "1284"]
[PlyCount "100"]
[EventDate "2002.12.20"]
[EventType "swiss"]
[EventRounds "4"]
[EventCountry "CAN"]

1. d4 Nf6 2. c4 e6 3. Nf3 d5 4. e3 Bb4+ 5. Bd2 Bxd2+ 6. Qxd2 O-O 7. Bd3 b6 8.
Nc3 Bb7 9. cxd5 exd5 10. O-O Nbd7 11. Rfc1 c5 12. b3 Re8 13. Nb5 Qb8 14. Nc3 a6
15. Na4 cxd4 16. Nxd4 b5 17. Nc5 Nxc5 18. Rxc5 Qd6 19. Qc2 Rac8 20. Rc1 Rxc5
21. Qxc5 Qxc5 22. Rxc5 Kf8 23. Rc7 Re7 24. Rxe7 Kxe7 25. Nf5+ Kf8 26. f3 g6 27.
Nd4 Ke7 28. Kf2 Kd6 29. b4 Nd7 30. Nb3 Ne5 31. Ke2 Nc4 32. Nc5 Kc6 33. e4 d4
34. e5 Kb6 35. e6 fxe6 36. Nxe6 Bd5 37. Nxd4 Na3 38. Nb3 Bxb3 39. axb3 a5 40.
bxa5+ Kxa5 41. Kd2 Kb4 42. Bc2 Kc5 43. Bd3 Kd4 44. h4 b4 45. g4 Kc5 46. Ke3 Nb5
47. Bxb5 Kxb5 48. Kd4 Kc6 49. Kc4 Kb6 50. Kxb4 Kc6 1-0

[Event "Eric Lawson ben."]
[Site "Montreal CAN"]
[Date "2002.12.22"]
[Round "4"]
[White "Ber, Alexandre"]
[Black "Beland, Stephane"]
[Result "0-1"]
[WhiteElo "1370"]
[BlackElo "1483"]
[PlyCount "68"]
[EventDate "2002.12.20"]
[EventType "swiss"]
[EventRounds "4"]
[EventCountry "CAN"]

1. d4 Nf6 2. c4 g6 3. Nc3 Bg7 4. e4 d6 5. Be2 O-O 6. Bg5 c5 7. Nf3 h6 8. Bh4 g5
9. Bg3 Nbd7 10. O-O Nh7 11. Qd3 g4 12. Nh4 cxd4 13. Nb5 Nc5 14. Qc2 a6 15. Na3
Ng5 16. Bd3 e5 17. b4 Nxd3 18. Qxd3 Bd7 19. f4 gxf3 20. Nxf3 Rc8 21. Rac1 f5
22. Nd2 fxe4 23. Nxe4 Bc6 24. Nxg5 Qxg5 25. b5 Bd7 26. Nc2 Bf5 27. Qb3 h5 28.
c5+ Kh8 29. h4 Qg6 30. Ne1 dxc5 31. Bh2 c4 32. Rxc4 Be6 33. Rxf8+ Rxf8 34. bxa6
Qf7 0-1

[Event "Eric Lawson ben."]
[Site "Montreal CAN"]
[Date "2002.12.22"]
[Round "4"]
[White "Dominique, Vladimir"]
[Black "Rivest, Jean-Michel"]
[Result "0-1"]
[WhiteElo "1832"]
[BlackElo "1785"]
[PlyCount "73"]
[EventDate "2002.12.20"]
[EventType "swiss"]
[EventRounds "4"]
[EventCountry "CAN"]

1. e4 g6 2. d4 Bg7 3. Nc3 d6 4. Be3 a6 5. Qd2 b5 6. a3 Nd7 7. Bd3 e6 8. Nge2 c5
9. b3 Qc7 10. Nxb5 axb5 11. Bxb5 Ngf6 12. f3 O-O 13. g4 cxd4 14. Nxd4 d5 15. g5
Nh5 16. exd5 Ne5 17. Be2 Ba6 18. O-O Bxe2 19. Qxe2 exd5 20. f4 Nc6 21. Nb5 Qb7
22. Rad1 Rfd8 23. f5 d4 24. Bc1 Bf8 25. b4 d3 26. Rxd3 Qxb5 27. fxg6 hxg6 28.
Rxf7 Rxd3 29. Qe6 Rd1+ 30. Rf1+ Kh7 31. Rxd1 Bg7 32. Rd6 Ne5 33. Rd5 Qe2 34.
Rxe5 Qxe5 35. Qc6 Qe1+ 36. Kg2 Qe2+ 37. Kg1 0-1

[Event "Eric Lawson ben."]
[Site "Montreal CAN"]
[Date "2002.12.22"]
[Round "4"]
[White "English, Michel"]
[Black "Rodriguez, Herver"]
[Result "0-1"]
[WhiteElo "1628"]
[BlackElo "1760"]
[PlyCount "52"]
[EventDate "2002.12.20"]
[EventType "swiss"]
[EventRounds "4"]
[EventCountry "CAN"]

1. d4 Nf6 2. c4 g6 3. Nc3 Bg7 4. e4 O-O 5. e5 Ne8 6. f4 d6 7. Nf3 Bg4 8. Be2
dxe5 9. fxe5 c5 10. O-O cxd4 11. Bf4 Nc6 12. Nxd4 Bxe2 13. Ndxe2 Qb6+ 14. Kh1
e6 15. Qc1 Nxe5 16. Be3 Qc7 17. Nb5 Qa5 18. b4 Qxb4 19. Rb1 Qxc4 20. Qxc4 Nxc4
21. Bc5 Nd2 22. Nxa7 Nxf1 23. Rxf1 Nc7 24. Rb1 Rfb8 25. Bd6 Rxa7 26. Bxc7 Rc8
0-1

[Event "Eric Lawson ben."]
[Site "Montreal CAN"]
[Date "2002.12.22"]
[Round "4"]
[White "Gauthier, Denis"]
[Black "Parent, Francois"]
[Result "0-1"]
[WhiteElo "2043"]
[BlackElo "1906"]
[PlyCount "136"]
[EventDate "2002.12.20"]
[EventType "swiss"]
[EventRounds "4"]
[EventCountry "CAN"]

1. d4 f5 2. Nc3 e6 3. e4 Nf6 4. Bg5 fxe4 5. Nxe4 Be7 6. Bxf6 Bxf6 7. Nf3 Nc6 8.
c3 d6 9. Bd3 Bd7 10. Qc2 Qe7 11. O-O-O O-O-O 12. Rhe1 Qf7 13. Kb1 h6 14. h4
Rhg8 15. Rh1 g5 16. Nxf6 Qxf6 17. hxg5 hxg5 18. Rdf1 Rh8 19. Qd2 Qf4 20. Qe3
Rxh1 21. Rxh1 Qxe3 22. fxe3 g4 23. Nd2 Rf8 24. Rf1 Rxf1+ 25. Nxf1 Kd8 26. Kc2
Ke7 27. Kd2 Kf6 28. Ng3 d5 29. e4 Kg5 30. Ke3 Ne7 31. e5 Be8 32. b3 Bg6 33. Be2
Bb1 34. a3 Bc2 35. b4 Kh4 36. Kf2 c6 37. Bf1 a6 38. Ne2 Ng6 39. g3+ Kg5 40. Ke3
Bb3 41. Nc1 Bc4 42. Bg2 b5 43. Bh1 Ne7 44. Bg2 Nc8 45. Nd3 Bxd3 46. Kxd3 Nb6
47. Kc2 Nc4 48. Kb3 Ne3 49. Bh1 Nf1 50. a4 Nxg3 51. axb5 axb5 52. Bg2 Kf4 53.
Kc2 Ke3 54. c4 Kxd4 55. cxd5 cxd5 56. Kd2 Kxe5 57. Ke3 d4+ 58. Kd3 Nf5 59. Bc6
g3 60. Ke2 Nd6 61. Kd3 Nc4 62. Ke2 Na3 63. Kd3 Kd6 64. Bf3 e5 65. Bg2 Nb1 66.
Kc2 Nc3 67. Kd3 Nd5 68. Bf1 g2 0-1

[Event "Eric Lawson ben."]
[Site "Montreal CAN"]
[Date "2002.12.22"]
[Round "4"]
[White "Jorge, Valdir"]
[Black "Belanger, Martin"]
[Result "1-0"]
[WhiteElo "1558"]
[BlackElo "1361"]
[PlyCount "79"]
[EventDate "2002.12.20"]
[EventType "swiss"]
[EventRounds "4"]
[EventCountry "CAN"]

1. d4 d5 2. c4 e6 3. Nc3 Nf6 4. Bg5 Be7 5. Nf3 O-O 6. e3 b6 7. cxd5 Nxd5 8.
Bxe7 Nxe7 9. Bd3 Bb7 10. Be4 Bxe4 11. Nxe4 Nd7 12. Qc2 Rc8 13. Rc1 c5 14. dxc5
Nxc5 15. Nxc5 Rxc5 16. Qb1 Qc7 17. O-O Rc8 18. Rxc5 Qxc5 19. Nd4 Qg5 20. Rc1
Rd8 21. Qc2 Ng6 22. Nf3 Qd5 23. b3 a5 24. h3 b5 25. Nd4 a4 26. bxa4 bxa4 27.
Qxa4 Ra8 28. Qb3 Rxa2 29. Rc8+ Nf8 30. Qxd5 exd5 31. Nc6 g6 32. Ne7+ Kg7 33.
Nxd5 Ne6 34. Rc4 h5 35. Nf4 Ng5 36. h4 Nh7 37. Rc7 Ra6 38. Nd3 Kf6 39. Nc5 Rb6
40. Nd7+ 1-0

[Event "Eric Lawson ben."]
[Site "Montreal CAN"]
[Date "2002.12.22"]
[Round "4"]
[White "Laframboise, Marc-Andre"]
[Black "Krayushkin, Victor"]
[Result "1/2-1/2"]
[WhiteElo "2110"]
[BlackElo "2109"]
[PlyCount "109"]
[EventDate "2002.12.20"]
[EventType "swiss"]
[EventRounds "4"]
[EventCountry "CAN"]

1. d4 Nf6 2. c4 g6 3. Nc3 d5 4. cxd5 Nxd5 5. e4 Nxc3 6. bxc3 Bg7 7. Bc4 c5 8.
Be3 Nc6 9. Ne2 O-O 10. Rc1 Na5 11. Bd3 c4 12. Bb1 b6 13. h4 e5 14. h5 f5 15.
hxg6 hxg6 16. Bh6 Bxh6 17. Rxh6 Kg7 18. Qd2 f4 19. Rh2 Rh8 20. Rxh8 Qxh8 21.
Ng1 Bg4 22. f3 Be6 23. dxe5 Qh4+ 24. Qf2 Qxf2+ 25. Kxf2 Nc6 26. Ne2 Rd8 27.
Nxf4 Bg8 28. Nd5 Nxe5 29. Rd1 g5 30. Ke3 Ng6 31. Rd4 Bxd5 32. Rxd5 Rxd5 33.
exd5 Nf4 34. Be4 Nxg2+ 35. Kd4 Kf6 36. Kxc4 Ke5 37. Kb5 Nf4 38. Kc6 g4 39. fxg4
Kxe4 40. d6 Ke5 41. d7 Ne6 42. Kb7 Kd6 43. Kxa7 Kc7 44. a3 Kc6 45. c4 Kc7 46.
Ka8 Nc5 47. g5 Nxd7 48. g6 Nf6 49. Ka7 Ne8 50. Ka6 Kc6 51. a4 Ng7 52. Ka7 Kc7
53. Ka6 Kc6 54. a5 bxa5 55. Kxa5 1/2-1/2

[Event "Eric Lawson ben."]
[Site "Montreal CAN"]
[Date "2002.12.22"]
[Round "4"]
[White "Ouellet-Lahaie, Didier"]
[Black "Dufour, Patrick"]
[Result "0-1"]
[WhiteElo "1399"]
[BlackElo "1152"]
[PlyCount "118"]
[EventDate "2002.12.20"]
[EventType "swiss"]
[EventRounds "4"]
[EventCountry "CAN"]

1. e4 e5 2. Nf3 Nc6 3. Bb5 a6 4. Ba4 Nf6 5. O-O Be7 6. Re1 b5 7. Bb3 d6 8. h3
Na5 9. c3 Nxb3 10. axb3 Bb7 11. d3 O-O 12. Nbd2 c5 13. c4 Qc7 14. Nf1 b4 15.
Ne3 Nd7 16. Nh2 Nb8 17. Nf5 Bc8 18. g4 Nc6 19. Kh1 Re8 20. Rg1 Bf8 21. Bd2 g6
22. Nf1 Ne7 23. N1e3 Bxf5 24. gxf5 Bg7 25. Ng4 Nc6 26. f4 Qd8 27. Kh2 exf4 28.
Bxf4 Bxb2 29. Nh6+ Kg7 30. Rb1 Be5 31. Bxe5+ Rxe5 32. Ng4 Re8 33. f6+ Kh8 34.
Qd2 Ne5 35. Qh6 Nxg4+ 36. Rxg4 Qxf6 37. Rbg1 Qg7 38. Qh4 Re6 39. Rf4 Rae8 40.
Rf2 Qe5+ 41. Kh1 Kg7 42. Rf5 Qc3 43. Rh5 Rh8 44. Qf4 Qxd3 45. e5 Rxe5 46. Qh6+
Kg8 47. Rxe5 dxe5 48. Kh2 Qf3 49. Ra1 Qf4+ 50. Qxf4 exf4 51. Rxa6 Kg7 52. Rc6
Re8 53. Rxc5 Re3 54. Rc8 Rxb3 55. c5 Kf6 56. c6 Ke7 57. c7 Kd7 58. Rf8 Kxc7 59.
Rxf7+ Kc6 0-1

[Event "Eric Lawson ben."]
[Site "Montreal CAN"]
[Date "2002.12.22"]
[Round "4"]
[White "Panayotov, Ivo"]
[Black "Shili, Maher"]
[Result "1/2-1/2"]
[WhiteElo "1555"]
[BlackElo "1750"]
[PlyCount "102"]
[EventDate "2002.12.20"]
[EventType "swiss"]
[EventRounds "4"]
[EventCountry "CAN"]

1. e4 e6 2. d4 d5 3. Nd2 dxe4 4. Nxe4 Nf6 5. Bg5 Be7 6. Bxf6 Bxf6 7. c3 b6 8.
Bb5+ Bd7 9. Bd3 Bc6 10. Nf3 Nd7 11. O-O O-O 12. Re1 g6 13. Nxf6+ Nxf6 14. Ne5
Bb7 15. Be2 Kg7 16. Bf3 Bxf3 17. Qxf3 a5 18. a4 h5 19. h3 Qd5 20. Qxd5 Nxd5 21.
Nc6 Rfe8 22. Kf1 Ne7 23. Nxe7 Rxe7 24. f4 f6 25. Re4 Rd8 26. Rd1 Kf7 27. b3 c5
28. Rd3 Red7 29. Ke2 cxd4 30. Rexd4 Rxd4 31. Rxd4 Rxd4 32. cxd4 Ke7 33. Kd3 Kd6
34. Kc4 h4 35. Kb5 Kd5 36. Kxb6 Kxd4 37. Kxa5 e5 38. fxe5 fxe5 39. Kb6 e4 40.
a5 e3 41. a6 e2 42. a7 e1=Q 43. a8=Q Qe6+ 44. Kc7 Qe7+ 45. Kb6 Qe6+ 46. Kc7
Qe7+ 47. Kb6 Qc5+ 48. Kb7 Qd5+ 49. Ka7 Qc5+ 50. Kb7 Qd5+ 51. Ka7 Qa5+ 1/2-1/2

[Event "Eric Lawson ben."]
[Site "Montreal CAN"]
[Date "2002.12.22"]
[Round "4"]
[White "Pincince, Jacques"]
[Black "Lefebvre, Gabriel"]
[Result "1/2-1/2"]
[WhiteElo "1496"]
[BlackElo "1407"]
[PlyCount "65"]
[EventDate "2002.12.20"]
[EventType "swiss"]
[EventRounds "4"]
[EventCountry "CAN"]

1. e4 c5 2. Nc3 Nc6 3. g3 d6 4. Bg2 Nf6 5. f4 g6 6. Nf3 Bg7 7. O-O O-O 8. d3
Qb6 9. h3 Nh5 10. Kh2 Nd4 11. Nd5 Qd8 12. c3 Nxf3+ 13. Bxf3 Nf6 14. Ne3 Rb8 15.
Bd2 b6 16. Qe2 Bb7 17. Rab1 d5 18. e5 Ne8 19. Qg2 Nc7 20. Rfd1 e6 21. Ng4 Ba6
22. Nf2 d4 23. c4 Qc8 24. Ne4 Bb7 25. Nd6 Bxf3 26. Qxf3 Qd7 27. Ne4 a5 28. Qg2
Ne8 29. Re1 Qb7 30. a3 f5 31. Ng5 Qxg2+ 32. Kxg2 Nc7 33. Nf3 1/2-1/2

[Event "Eric Lawson ben."]
[Site "Montreal CAN"]
[Date "2002.12.22"]
[Round "4"]
[White "Svetlovsky, Nicolas"]
[Black "Lawson, Bianca"]
[Result "0-1"]
[WhiteElo "1162"]
[BlackElo "966"]
[PlyCount "88"]
[EventDate "2002.12.20"]
[EventType "swiss"]
[EventRounds "4"]
[EventCountry "CAN"]

1. e4 e5 2. Nc3 Nc6 3. Nf3 Nf6 4. Bb5 a6 5. Ba4 Be7 6. O-O O-O 7. d4 d6 8. Bxc6
bxc6 9. d5 cxd5 10. exd5 Bg4 11. Re1 Rb8 12. h3 Bh5 13. Ne4 Nxe4 14. Rxe4 f5
15. Re1 e4 16. b3 exf3 17. gxf3 Bf6 18. Rb1 Be5 19. Bb2 Qg5+ 20. Kf1 Rfe8 21.
Bxe5 Rxe5 22. Rxe5 dxe5 23. d6 cxd6 24. Ke2 Rd8 25. Qd5+ Bf7 26. Qc6 d5 27. Re1
Re8 28. Kd1 e4 29. Qd7 Qe7 30. Qxe7 Rxe7 31. Kd2 Rd7 32. Ke3 g5 33. f4 gxf4+
34. Kxf4 Bg6 35. h4 h5 36. Rg1 Kg7 37. Ke5 Rc7 38. Rc1 Rd7 39. Ke6 Rd8 40. Rb1
d4 41. Ke5 e3 42. fxe3 Re8+ 43. Kxd4 Kf6 44. c4 Rd8+ 0-1

[Event "Eric Lawson ben."]
[Site "Montreal CAN"]
[Date "2002.12.22"]
[Round "4"]
[White "Truong, David"]
[Black "Jorge, Ivan"]
[Result "1/2-1/2"]
[WhiteElo "1152"]
[BlackElo "1108"]
[PlyCount "32"]
[EventDate "2002.12.20"]
[EventType "swiss"]
[EventRounds "4"]
[EventCountry "CAN"]

1. d4 d5 2. c4 dxc4 3. Nc3 Nf6 4. e3 Bf5 5. Bxc4 a6 6. Qf3 Qc8 7. h3 c6 8. Bb3
h6 9. Na4 Be4 10. Qe2 Nbd7 11. Nf3 Bd5 12. Bd2 Qc7 13. Rc1 e6 14. Bc2 Be4 15.
O-O Be7 16. Bb3 Bd5 1/2-1/2

[Event "FIDE Qualification"]
[Site "Montreal CAN"]
[Date "2002.01.11"]
[Round "1"]
[White "Bolduc, Steve"]
[Black "Ouellet-Leveille, Clement"]
[Result "1/2-1/2"]
[WhiteElo "2183"]
[BlackElo "1856"]
[PlyCount "31"]
[EventDate "2002.01.11"]
[EventType "swiss"]
[EventRounds "5"]
[EventCountry "CAN"]

1. d4 Nf6 2. c4 e6 3. Nc3 Bb4 4. Qc2 c5 5. a3 Bxc3+ 6. Qxc3 cxd4 7. Qxd4 d5 8.
cxd5 Nc6 9. Qd3 exd5 10. Nf3 Ne4 11. g3 Bf5 12. Nh4 Qa5+ 13. Bd2 Qb6 14. Be3
Qa5+ 15. Bd2 Qc5 16. Be3 1/2-1/2

[Event "FIDE Qualification"]
[Site "Montreal CAN"]
[Date "2002.01.12"]
[Round "2"]
[White "Bannon, Eric"]
[Black "Tessier, Olivier"]
[Result "1-0"]
[WhiteElo "2185"]
[BlackElo "2044"]
[PlyCount "127"]
[EventDate "2002.01.11"]
[EventType "swiss"]
[EventRounds "5"]
[EventCountry "CAN"]

1. e4 Nf6 2. e5 Nd5 3. c4 Nb6 4. d4 d6 5. f4 dxe5 6. fxe5 c5 7. d5 e6 8. Nc3
exd5 9. cxd5 Qh4+ 10. g3 Qd4 11. Bb5+ Bd7 12. Qe2 Nxd5 13. e6 fxe6 14. Qxe6+
Kd8 15. Bg5+ Be7 16. Bxe7+ Nxe7 17. Bxd7 Nxd7 18. Rd1 Re8 19. Rxd4 cxd4 20.
Nce2 d3 21. Kf2 dxe2 22. Nxe2 Nc6 23. Qd6 Rf8+ 24. Kg2 Rf6 25. Qd5 Kc7 26. Nf4
Re8 27. h4 Nde5 28. Re1 Rd6 29. Qb5 b6 30. Kh3 Kb7 31. a4 a6 32. Qe2 Red8 33.
Qh5 g6 34. Qxh7+ R8d7 35. Qg8 Nf3 36. Re3 Nce5 37. Qe8 Rd8 38. Qe7+ R8d7 39.
Rxe5 Rxe7 40. Rxe7+ Kc6 41. Kg2 Nd4 42. Rg7 Ne6 43. Nxe6 Rxe6 44. Kf3 Kc5 45.
Kf4 Re2 46. Rxg6 Rxb2 47. a5 bxa5 48. Rxa6 Kd5 49. Rxa5+ Ke6 50. g4 Kf7 51. Kf5
Rf2+ 52. Kg5 Ke6 53. Rf5 Rb2 54. h5 Rb8 55. Rf6+ Ke7 56. Ra6 Rg8+ 57. Kh4 Kf7
58. h6 Rh8 59. Kh5 Rg8 60. g5 Re8 61. Rf6+ Kg8 62. Rf5 Re6 63. g6 Re8 64. g7
1-0

[Event "FIDE Qualification"]
[Site "Montreal CAN"]
[Date "2002.01.12"]
[Round "2"]
[White "Gravel, Simon M"]
[Black "Pitre, Francois"]
[Result "1-0"]
[WhiteElo "2233"]
[BlackElo "2113"]
[PlyCount "48"]
[EventDate "2002.01.11"]
[EventType "swiss"]
[EventRounds "5"]
[EventCountry "CAN"]

1. e4 e5 2. Nf3 Nc6 3. Bb5 Nf6 4. Qe2 d6 5. O-O Bg4 6. h3 Bh5 7. d3 Be7 8. Nbd2
Nd7 9. g4 Bg6 10. c3 h5 11. Nc4 hxg4 12. hxg4 Nf6 13. Nfxe5 dxe5 14. Nxe5 Qd6
15. Bf4 Nd7 16. d4 Bh7 17. Kg2 Ncxe5 18. Bxe5 Qg6 19. Bxd7+ Kxd7 20. f3 Bd6 21.
Qb5+ Kc8 22. Rh1 Qxe4 23. fxe4 Bxe4+ 24. Kf2 Bc6 1-0

[Event "FIDE Qualification"]
[Site "Montreal CAN"]
[Date "2002.01.12"]
[Round "2"]
[White "Masse, Hugues"]
[Black "Ramaswamy, Kishor"]
[Result "0-1"]
[WhiteElo "2139"]
[BlackElo "2002"]
[PlyCount "56"]
[EventDate "2002.01.11"]
[EventType "swiss"]
[EventRounds "5"]
[EventCountry "CAN"]

1. e4 c6 2. d4 d5 3. e5 Bf5 4. Nc3 e6 5. g4 Bg6 6. Nge2 f6 7. h4 Nd7 8. h5 Bf7
9. f4 c5 10. exf6 gxf6 11. Bg2 Nh6 12. Bh3 cxd4 13. Nxd4 e5 14. Qe2 Qb6 15. Nb3
O-O-O 16. Bd2 Kb8 17. O-O-O d4 18. Ne4 Rc8 19. Kb1 Bc4 20. Qf2 Bd5 21. Rhe1 Qc6
22. Ng3 Qxc2+ 23. Ka1 Bxb3 24. Rc1 Qd3 25. g5 Qa6 26. Rxc8+ Kxc8 27. Rc1+ Kb8
28. a3 Bxa3 0-1

[Event "FIDE Qualification"]
[Site "Montreal CAN"]
[Date "2002.01.12"]
[Round "2"]
[White "Parra, Victor"]
[Black "Bolduc, Steve"]
[Result "0-1"]
[WhiteElo "1577"]
[BlackElo "2183"]
[PlyCount "44"]
[EventDate "2002.01.11"]
[EventType "swiss"]
[EventRounds "5"]
[EventCountry "CAN"]

1. c4 Nf6 2. Nc3 e6 3. g3 d5 4. cxd5 exd5 5. d4 c6 6. Bg2 Bf5 7. Nf3 Bd6 8. O-O
O-O 9. e3 Re8 10. Re1 Qd7 11. Nd2 Na6 12. a3 c5 13. Nxd5 Nxd5 14. Bxd5 cxd4 15.
exd4 Rxe1+ 16. Qxe1 Re8 17. Qd1 Bxg3 18. Bxf7+ Qxf7 19. fxg3 Bd3 20. b4 Re2 21.
Qb3 Re1+ 22. Kg2 Bf1+ 0-1

[Event "FIDE Qualification"]
[Site "Montreal CAN"]
[Date "2002.01.12"]
[Round "3"]
[White "Arsenault, Michel"]
[Black "Gravel, Simon M"]
[Result "0-1"]
[WhiteElo "2135"]
[BlackElo "2233"]
[PlyCount "42"]
[EventDate "2002.01.11"]
[EventType "swiss"]
[EventRounds "5"]
[EventCountry "CAN"]

1. c4 e5 2. g3 Nf6 3. Bg2 Nc6 4. Nc3 Bc5 5. e3 d6 6. Nge2 O-O 7. O-O Bf5 8. d4
Bb6 9. b3 a5 10. Bb2 exd4 11. exd4 Re8 12. d5 Ne5 13. Nd4 Bd3 14. Nce2 a4 15.
Re1 Ne4 16. Nf4 a3 17. Nxd3 axb2 18. Nxb2 Nxf2 19. Qd2 Qf6 20. Rf1 Bxd4 21.
Rxf2 Ng4 0-1

[Event "FIDE Qualification"]
[Site "Montreal CAN"]
[Date "2002.01.12"]
[Round "3"]
[White "Bolduc, Steve"]
[Black "Masse, Hugues"]
[Result "1/2-1/2"]
[WhiteElo "2183"]
[BlackElo "2139"]
[PlyCount "136"]
[EventDate "2002.01.11"]
[EventType "swiss"]
[EventRounds "5"]
[EventCountry "CAN"]

1. d4 Nf6 2. Nf3 g6 3. g3 Bg7 4. Bg2 O-O 5. O-O d5 6. c4 c6 7. cxd5 cxd5 8. Ne5
Ne4 9. f3 Nd6 10. Nc3 e6 11. b3 f6 12. Nd3 Nc6 13. e3 b6 14. f4 Qd7 15. Ba3 Re8
16. Rc1 Bb7 17. Qf3 Ne4 18. Rfd1 f5 19. Ne5 Nxe5 20. fxe5 Nxc3 21. Rxc3 Rac8
22. Rdc1 Rxc3 23. Rxc3 Rc8 24. Rxc8+ Qxc8 25. Qe2 Ba6 26. Qd2 Bh6 27. h4 Qc6
28. Bd6 Bc8 29. Bf1 Bd7 30. a4 Qc8 31. Kf2 Bg7 32. Be2 Bf8 33. Qb4 Bh6 34. Qd2
Bf8 35. Bxf8 Qxf8 36. Qc3 Qc8 37. Qb4 Qf8 38. Qc3 Qc8 39. Qd2 a5 40. g4 Qf8 41.
Kg3 Qc8 42. Qb2 Kf7 43. Bf3 Qc6 44. Kf4 b5 45. axb5 Qxb5 46. Qc3 Qb6 47. gxf5
gxf5 48. Bh5+ Kf8 49. Qc2 Qd8 50. Qc5+ Kg7 51. Kg3 Kh6 52. Bf3 Bc8 53. Be2 Qg8+
54. Kf4 Qd8 55. Kf3 Bd7 56. Qd6 Qe8 57. Kg3 Qg6+ 58. Kf2 Qe8 59. Bf3 Qd8 60.
Kg3 Qg8+ 61. Kh3 Qg7 62. Kh2 Bc8 63. Bxd5 Qg4 64. Bxe6 Qe2+ 65. Kg1 Qe1+ 66.
Kg2 Qe2+ 67. Kg3 Qxe3+ 68. Kg2 Qe2+ 1/2-1/2

[Event "FIDE Qualification"]
[Site "Montreal CAN"]
[Date "2002.01.12"]
[Round "3"]
[White "Chabot, Roland"]
[Black "Bannon, Eric"]
[Result "1/2-1/2"]
[WhiteElo "2122"]
[BlackElo "2185"]
[PlyCount "78"]
[EventDate "2002.01.11"]
[EventType "swiss"]
[EventRounds "5"]
[EventCountry "CAN"]

1. d4 Nf6 2. c4 g6 3. Nc3 Bg7 4. e4 d6 5. Nf3 O-O 6. Be2 e5 7. O-O Nc6 8. d5
Ne7 9. Ne1 Nd7 10. Be3 f5 11. f3 f4 12. Bf2 h5 13. a4 g5 14. a5 Nf6 15. c5 Bh6
16. cxd6 cxd6 17. Nb5 g4 18. Bxa7 Ng6 19. Bb6 Qe7 20. Nc7 Rb8 21. Kh1 Nd7 22.
Ne6 Nxb6 23. axb6 g3 24. h3 Bxe6 25. dxe6 Qxe6 26. b3 Qd7 27. Bc4+ Kh8 28. Qd2
Ne7 29. Nd3 Qd8 30. Nb4 Qxb6 31. Nd5 Qd8 32. Nxe7 Qxe7 33. Bd5 Bg5 34. Ra7 Rfc8
35. Rc1 Qd7 36. Rc4 Bd8 37. Qc1 Bb6 38. Rxb7 Qd8 39. Rxb8 Rxb8 1/2-1/2

[Event "FIDE Qualification"]
[Site "Montreal CAN"]
[Date "2002.01.12"]
[Round "3"]
[White "Pitre, Francois"]
[Black "Singher, Jean-Pierre"]
[Result "0-1"]
[WhiteElo "2113"]
[BlackElo "1893"]
[PlyCount "46"]
[EventDate "2002.01.11"]
[EventType "swiss"]
[EventRounds "5"]
[EventCountry "CAN"]

1. Nf3 Nf6 2. d4 e6 3. Nbd2 d5 4. e3 c5 5. c3 Nc6 6. Bd3 Bd6 7. O-O O-O 8. Re1
e5 9. dxe5 Nxe5 10. Nxe5 Bxe5 11. Nf3 Bc7 12. b3 Bg4 13. Bb2 Qd6 14. h3 Bh5 15.
c4 d4 16. exd4 Bxf3 17. Qxf3 Qh2+ 18. Kf1 Qh1+ 19. Ke2 Rae8+ 20. Kd2 Rxe1 21.
Rxe1 Ba5+ 22. Kc2 Qxe1 23. d5 Qd2+ 0-1

[Event "FIDE Qualification"]
[Site "Montreal CAN"]
[Date "2002.01.12"]
[Round "3"]
[White "Ramaswamy, Kishor"]
[Black "Soudre, Nicolas"]
[Result "1-0"]
[WhiteElo "2002"]
[BlackElo "2227"]
[PlyCount "101"]
[EventDate "2002.01.11"]
[EventType "swiss"]
[EventRounds "5"]
[EventCountry "CAN"]

1. d4 c5 2. c3 e6 3. Nf3 Nf6 4. Bg5 Qb6 5. Qb3 Nc6 6. e3 d5 7. Nbd2 Bd7 8. Be2
Qxb3 9. axb3 Bd6 10. O-O e5 11. dxe5 Nxe5 12. Nxe5 Bxe5 13. Nf3 Bc7 14. Rfd1
Bc6 15. Ne1 Ne4 16. Bf4 Bxf4 17. exf4 O-O 18. Nd3 b6 19. Bf3 f6 20. b4 Rfe8 21.
bxc5 bxc5 22. Bxe4 Rxe4 23. Re1 c4 24. Nb4 Bb7 25. Rxe4 dxe4 26. Nc2 Bd5 27.
Ne3 Be6 28. f5 Bf7 29. Ra4 Rb8 30. Rxa7 g6 31. Ra2 Rd8 32. Kf1 gxf5 33. Nxf5
Rd1+ 34. Ke2 Bh5+ 35. Ke3 Re1+ 36. Kf4 Re2 37. Ng3 Rxf2+ 38. Ke3 Rxg2 39. Nxh5
f5 40. Ng3 Rxh2 41. Nxf5 Kf7 42. Kxe4 h5 43. Nd6+ Ke6 44. Nxc4 Rh4+ 45. Kd3
Rh3+ 46. Ne3 h4 47. Ra1 Rh2 48. b4 h3 49. Re1 Rg2 50. Rh1 h2 51. Nc2 1-0

[Event "FIDE Qualification"]
[Site "Montreal CAN"]
[Date "2002.01.13"]
[Round "4"]
[White "Arsenault, Michel"]
[Black "Chabot, Roland"]
[Result "1/2-1/2"]
[WhiteElo "2135"]
[BlackElo "2122"]
[PlyCount "69"]
[EventDate "2002.01.11"]
[EventType "swiss"]
[EventRounds "5"]
[EventCountry "CAN"]

1. c4 e5 2. g3 d6 3. Bg2 f5 4. Nc3 Nf6 5. e3 Be7 6. Nge2 O-O 7. O-O c6 8. d4
Na6 9. b3 Nc7 10. Ba3 Qe8 11. Rb1 e4 12. d5 cxd5 13. cxd5 Bd7 14. Qd2 Qf7 15.
Rfd1 Ng4 16. Rbc1 Rac8 17. Rc2 Qh5 18. h3 Ne5 19. Rdc1 g5 20. Nd4 Nf3+ 21. Nxf3
exf3 22. Bf1 Ne8 23. Nd1 Rxc2 24. Rxc2 f4 25. exf4 Bxh3 26. Qe1 Rf7 27. Bxh3
Qxh3 28. Qf1 Qd7 29. Qd3 g4 30. Ne3 Ng7 31. Qc3 h5 32. Qc8+ Bf8 33. Qxd7 Rxd7
34. Rc8 Kf7 35. Kf1 1/2-1/2

[Event "FIDE Qualification"]
[Site "Montreal CAN"]
[Date "2002.01.13"]
[Round "4"]
[White "Bannon, Eric"]
[Black "Bolduc, Steve"]
[Result "1-0"]
[WhiteElo "2185"]
[BlackElo "2183"]
[PlyCount "111"]
[EventDate "2002.01.11"]
[EventType "swiss"]
[EventRounds "5"]
[EventCountry "CAN"]

1. e4 e5 2. Nf3 d6 3. Bc4 Nf6 4. Nc3 Be7 5. d4 Nbd7 6. Ng5 O-O 7. Bxf7+ Rxf7 8.
Ne6 Qe8 9. Nxc7 Qd8 10. Nxa8 b6 11. Nb5 a6 12. Nbc7 Bb7 13. Nxb6 Qxc7 14. Nxd7
Nxe4 15. O-O Qxd7 16. Be3 exd4 17. Bxd4 Qf5 18. f3 Nc5 19. Re1 Ne6 20. Be3 Nf4
21. Bxf4 Qxf4 22. Qd3 h5 23. Re6 h4 24. Rae1 Bf8 25. h3 Qg3 26. R1e3 d5 27. Rg6
Qf4 28. Rg4 Qf6 29. Re8 Bc6 30. Rxf8+ Rxf8 31. Rg6 Qxb2 32. Rxc6 Qa1+ 33. Kf2
Qe5 34. Qe3 Qg3+ 35. Kf1 d4 36. Qe6+ Kh8 37. Rc8 Qf4 38. Rxf8+ Qxf8 39. Qxa6
Qb4 40. Qa8+ Kh7 41. Qe4+ Kg8 42. Qd5+ Kf8 43. Qb3 Qd2 44. Qd3 Qc1+ 45. Kf2 Qa1
46. a3 Kg8 47. f4 Kf7 48. a4 Ke6 49. a5 Kd6 50. a6 Kc5 51. Qf5+ Kc4 52. Qc8+
Kb4 53. Qb7+ Kc5 54. a7 Qc1 55. Qe7+ Kc4 56. Qe2+ 1-0

[Event "FIDE Qualification"]
[Site "Montreal CAN"]
[Date "2002.01.13"]
[Round "4"]
[White "Gravel, Simon M"]
[Black "Ramaswamy, Kishor"]
[Result "1-0"]
[WhiteElo "2233"]
[BlackElo "2002"]
[PlyCount "86"]
[EventDate "2002.01.11"]
[EventType "swiss"]
[EventRounds "5"]
[EventCountry "CAN"]

1. e4 c6 2. d4 d5 3. exd5 cxd5 4. Bd3 Nc6 5. c3 Qc7 6. h3 e6 7. Nf3 Nf6 8. O-O
Bd7 9. Re1 Bd6 10. Nbd2 O-O 11. Qe2 a6 12. Ne5 b5 13. Ndf3 Rab8 14. Bg5 Be7 15.
Qc2 g6 16. Qd2 Rfc8 17. Qf4 Nxe5 18. Nxe5 Kg7 19. Re3 Be8 20. Bxf6+ Bxf6 21.
Rf3 Bxe5 22. dxe5 Qe7 23. a3 a5 24. h4 b4 25. cxb4 axb4 26. h5 bxa3 27. bxa3
Bb5 28. Rb1 Bxd3 29. Rxb8 Rxb8 30. Rxd3 Ra8 31. h6+ Kg8 32. a4 Rb8 33. Rd4 Qa3
34. Kh2 Rb1 35. Qf6 Qf8 36. Qh4 Qc8 37. Rb4 Rxb4 38. Qxb4 Qd8 39. a5 d4 40. a6
Qh4+ 41. Kg1 Qxh6 42. Qb8+ Qf8 43. a7 Kg7 1-0